00480nam a2200193 a 4500001001300000003000900013005001700022008004100039020001000080082001300090100001600103245001900119260004800138300000800186500003500194505001300229650002800242700001600270nice12345678IN_TiNIC20260116011428.0050524s1932 laha grp 000 0 urd  ac10000a244bEJA aEjazul, Haq aRaja Ka Khawab aLahorebPunjab Religious Booksociety c1932 a16p aincludes index and biblioraphy2 aAppendix aChristianity-Miscellany1 aEjazul, Haq